Neobvyklá psychoterapie Miltona H. Ericksona /
Uložené v:
| Hlavný autor: | |
|---|---|
| Ďalší autori: | , |
| Médium: | Kniha |
| Jazyk: | Czech English |
| Vydané: |
Praha :
TRITON,
c2003
|
| Vydanie: | Vyd. 1. |
| Témy: | |
| ISBN: |
8072543490 (viaz.) |
| Fyzický popis: |
318 s. ; 21 cm |
| Tagy: |
Pridať tag
Žiadne tagy, Buďte prvý kto otaguje tento záznam!
|
Titul je dostupný aj v ... 

MARC
| LEADER | 00000nam a2200000 a 4500 | ||
|---|---|---|---|
| 001 | 000000737 | ||
| 005 | 20040831113726.0 | ||
| 008 | 040322s2003 xr e 000 0 czeo | ||
| 020 | |a 8072543490 (viaz.) | ||
| 040 | |a SVKKK |b slo |c SVKKK |e AACR2 | ||
| 041 | 1 | |a cze |h eng | |
| 044 | |a xr |c CZ | ||
| 072 | 7 | |a 615.8 |x Fyzioterapia. Psychoterapia. Alternatívna medicína |2 konspekt | |
| 080 | |a 615.851-051 |2 1997 | ||
| 080 | |a 615.851 |2 1997 | ||
| 080 | |a (73) |2 1997 | ||
| 080 | |a (035) |2 1997 | ||
| 100 | 1 | |a Haley, Jay |4 aut | |
| 240 | 1 | 0 | |a Uncommon therapy. The psychiatric techniques of Milton H. Erickson. |l Česky |
| 245 | 1 | 0 | |a Neobvyklá psychoterapie Miltona H. Ericksona / |c Jay Haley ; [z anglického originálu přeložili Dana Puková a Juraj Barbarič] |
| 250 | |a Vyd. 1. | ||
| 260 | |a Praha : |b TRITON, |c c2003 | ||
| 300 | |a 318 s. ; |c 21 cm | ||
| 500 | |a Údaj o preklade prevzatý z tiráže | ||
| 600 | 1 | 7 | |a Erickson, Milton, |d 1901-1980 |2 SVKKKMA |
| 650 | 0 | 7 | |a psychoterapeuti |z Spojené štáty americké |2 SVKKKPH |
| 650 | 0 | 7 | |a rodinná psychoterapia |2 SVKKKPH |
| 655 | 7 | |a príručky |2 SVKKKPH | |
| 700 | 1 | |a Puková, Dana |4 trl | |
| 700 | 1 | |a Barbarič, Juraj |4 trl | |
| 765 | 0 | |a Haley, Jay |t Uncommon therapy. The psychiatric techniques of Milton H. Erickson | |
| 919 | |a 80-7254-349-0 | ||
| 998 | |a BK | ||
| 090 | |g SCKHL |k Sklad Pribinova prízemie |a IV.190344 |j 960172 |i 2720021710 |s Absenčne | ||